Entry Nombre personal
001 - NÚMERO DE CONTROL
- campo de control: 155862
003 - IDENTIFICADOR DE NÚMERO DE CONTROL
- campo de control: SpMaBN
005 - FECHA Y HORA DE LA ÚLTIMA TRANSACCIÓN
- campo de control: 20230703153307.0
008 - ELEMENTOS DE DATO DE LONGITUD-FIJA
- campo de control de longitud fija: 900725nn ainnnaabn a aaa
010 ## - NÚMERO DE CONTROL DE LA BIBLIOTECA DEL CONGRESO
- Número de control de LC: XX1191999
016 ## - NÚMERO DE CONTROL DE UNA AGENCIA BIBLIOGRÁFICA NACIONAL
- Número de control del registro: BNE19970054605
024 7# - IDENTIFICADOR DE OTROS ESTÁNDARES
- Número estándar o código: http://viaf.org/viaf/291150865/
- Fuente: viaf
040 ## - FUENTE DE CATALOGACIÓN
- Centro catalogador/agencia de origen: SpMaBN
- Lengua de catalogación: spa
- Centro/agencia transcriptor: SpMaBN
- Normas de descripción: rdc
- Convención/Normas de encabezamiento de materia/tesauro: embne
046 ## - FECHAS CON CODIFICACIÓN ESPECIAL
- Fecha de nacimiento: 1899
- Fecha de la muerte: 1987
100 1# - ENCABEZAMIENTO-NOMBRE DE PERSONA
- Nombre de persona: Armiñán, Luis de,
- Fechas asociadas al nombre: 1899-1987
370 ## - LUGAR ASOCIADO
- Lugar de nacimiento: Málaga, España
- Fuente del término: embne
370 ## - LUGAR ASOCIADO
- Lugar de fallecimiento: Madrid, España
- Fuente del término: embne
372 ## - CAMPO DE ACTIVIDAD
- Campo de actividad: Novelas
- Campo de actividad: Biografías
- Fuente del término: tgfbne
372 ## - CAMPO DE ACTIVIDAD
- Campo de actividad: España--Descripción
- Campo de actividad: España--Historia
- Fuente del término: embne
373 ## - GRUPO ASOCIADO
- Grupo asociado: Ateneo de Madrid
- Fuente de información: Listado de socios anteriores a 1 de abril de 1939 (Archivo del Ateneo); Ateneo de Madrid: memoria 1962-1967
374 ## - OCUPACIÓN
- Ocupación: Escritores
- Ocupación: Gobernadores
- Ocupación: Periodistas
- Fuente del término: embne
375 ## - GÉNERO/SEXO
- Género: Masculino
377 ## - IDIOMA ASOCIADO
- Término de lengua/lenguaje: Español
400 1# - TRAZADO DE VÉASE--NOMBRE DE PERSONA
- Nombre de persona: Armiñán Odriozola, Luis de,
- Fechas asociadas al nombre: 1899-1987
670 ## - FUENTE DE DATOS ENCONTRADOS
- Cita de la fuente: Vida y novela de un matador de toros, 1953
- Información encontrada: port. (Luis de Armiñán)
670 ## - FUENTE DE DATOS ENCONTRADOS
- Cita de la fuente: WWW Cordobapedia, 21-10-2016
- Información encontrada: (Luis Armiñán Odriozola; Málaga 1899 - Madrid 1987; licenciado en Derecho y periodismo; Gobernador Civil de Lugo y Córdoba en la primera república; periodista, Miembro de la Asociación de Prensa de Madrid )
670 ## - FUENTE DE DATOS ENCONTRADOS
- Cita de la fuente: WWW BN España aut., 29/06/2023
- Información encontrada: (Armiñán, Luis de, 1899-1987)
678 ## - DATOS BIOGRÁFICOS O HISTÓRICOS
- Datos biográficos o históricos: Socio del Ateneo de Madrid n. 9668
- Ampliación de la nota: Fuentes: Listado de socios anteriores a 1 de abril de 1939 (Archivo del Ateneo); Ateneo de Madrid: memoria 1962-1967
